Sports Quiz

Random Sports or NFL Quiz
Score 0/88 Timer 10:00
3 Plays Today
Position Player % Correct
QB (NFC)Drew Brees
98.4%
QB (AFC)Tom Brady
97.6%
QB (NFC)Aaron Rodgers
97.1%
QB (AFC)Patrick Mahomes
96.3%
QB (NFC)Jared Goff
96.2%
QB (AFC)Philip Rivers
95.8%
RB (NFC)Todd Gurley
94.2%
RB (NFC)Saquon Barkley
92.7%
WR (NFC)Julio Jones
90.4%
RB (NFC)Ezekiel Elliott
89.3%
CB (NFC)Byron Jones
89.3%
WR (AFC)Antonio Brown
89%
WR (NFC)Michael Thomas
86.9%
WR (AFC)Deandre Hopkins
86%
WR (AFC)Tyreek Hill
86%
TE (AFC)Travis Kelce
85.3%
RB (AFC)Melvin Gordon
84.4%
TE (NFC)Zach Ertz
83.7%
WR (NFC)Davante Adams
82.1%
S (AFC)Jamal Adams
81.7%
RB (AFC)James Conner
81.2%
WR (AFC)Keenan Allen
80.4%
WR (NFC)Adam Thielen
79.8%
TE (NFC)George Kittle
76.4%
DE (AFC)JJ Watt
74.9%
RB (AFC)Philip Lindsay
74.5%
OT (NFC)Tyron Smith
74.5%
S (NFC)Harrison Smith
74.4%
TE (AFC)Eric Ebron
73.6%
OLB (NFC)Khalil Mack
71.7%
Position Player % Correct
DT (NFC)Aaron Donald
71.7%
C (NFC)Alex Mack
71.6%
OLB (AFC)Von Miller
68.1%
CB (NFC)Patrick Peterson
67.4%
CB (AFC)Jalen Ramsey
67.4%
DE (AFC)Myles Garrett
60.5%
DE (NFC)Cameron Jordan
59.3%
OLB (AFC)Jadeveon Clowney
59%
ILB (NFC)Bobby Wagner
58.9%
ILB (NFC)Luke Kuechly
58.6%
DT (NFC)Fletcher Cox
56.2%
C (AFC)Mike Pouncey
54%
DE (NFC)DeMarcus Lawrence
53.9%
C (AFC)Maurkice Pouncey
53.8%
CB (NFC)Darius Slay
53.3%
DT (AFC)Geno Atkins
53.2%
CB (AFC)Stephon Gilmore
51.3%
OT (NFC)Trent Williams
50.5%
DE (AFC)Melvin Ingram
50.4%
S (NFC)Landon Collins
49.6%
S (AFC)Derwin James
49.5%
FB (AFC)Anthony Sherman
49.4%
S (NFC)Eddie Jackson
49.3%
OG (NFC)Zack Martin
48.4%
CB (AFC)Denzel Ward
46.8%
CB (NFC)Kyle Fuller
46.2%
ILB (AFC)CJ Mosley
45%
OT (AFC)Taylor Lewan
44.9%
OG (AFC)Quenton Nelson
43.8%
S (AFC)Eric Weddle
43.8%
Position Player % Correct
OLB (NFC)Anthony Barr
42.4%
OLB (NFC)Ryan Kerrigan
41.4%
OG (AFC)Marshal Yanda
39.7%
CB (AFC)Xavien Howard
38.2%
OLB (AFC)Dee Ford
37.7%
DE (NFC)Danielle Hunter
37.5%
OG (AFC)David DeCastro
37.2%
DT (NFC)Akiem Hicks
37.2%
PR/KR (NFC)Tarik Cohen
36%
FB (NFC)Kyle Juszczyk
35.7%
K (NFC)Aldrick Rosas
35.2%
DT (AFC)Jurrell Casey
34.7%
OT (AFC)Alejandro Villanueva
32%
DT (AFC)Cameron Heyward
31.1%
OT (NFC)Terron Armstead
29.2%
C (NFC)Max Unger
28%
OT (AFC)Eric Fisher
27.7%
OG (NFC)Brandin Brooks
25.4%
P (NFC)Michael Dickson
23.3%
K (AFC)Jason Myers
20.2%
P (AFC)Brett Kern
17.4%
PR/KR (AFC)Andre Roberts
16.4%
OG (NFC)Trai Turner
16.3%
ILB (AFC)Benardrick Mckinney
15.8%
Special teamer (NFC)Cory Littleton
6.2%
Special teamer (AFC)Adrian Phillips
6.1%
Long Snapper (AFC)Casey Kreiter
2.9%
Long Snapper (NFC)Don Muhlbach
2.7%
Remove Ads.
Support Sporcle.
Get the best of Sporcle when you Go Orange. This ad-free experience offers more features, more stats, and more fun while also helping to support Sporcle. Thank you for becoming a member.

You're not logged in!

Compare scores with friends on all Sporcle quizzes.
OR
Log In

Show Comments

Extras

Top Quizzes Today


Score Distribution

Your Account Isn't Verified!

In order to create a playlist on Sporcle, you need to verify the email address you used during registration. Go to your Sporcle Settings to finish the process.

Report this User

Report this user for behavior that violates our Community Guidelines.

Details: